000 00861nam a2200241 a 4500
001 22878
003 CO-ViMGA
008 141112s2004 ck r 000 u spa d
020 _a9586825167
040 _aCO-ViMGA
_bspa
_cCO-ViMGA
082 0 4 _a658.404 E743f
100 1 _aEtienne F. Teodoro
_932794
245 1 0 _aFinanciamiento y administraciòn de proyectos de desarrollo
260 _aColombia :
_bAlfaomega
300 _a236p.
505 _aProyectos de inversion y desarrollo, Gerencia de proyectos - Unidad ejecutora, Formulacion de proyectos, Financiamiento de proyectos de desarrollo, Conclusion
650 1 4 _aADMINISTRACION DE PROYECTOS
_91914
650 1 4 _aELABORACION DE PROYECTOS
_922879
650 1 4 _aEVALUACION DE PROYECTOS
650 1 4 _aPROYECTOS DE INVERSION
_920110
650 1 4 _aPROYECTOS DE DESARROLLO
_913411
942 _2ddc
_cBK
999 _c31171
_d31171